Countries by Largest Art Museum - Statistics

General Stats
  • This quiz has been taken 60 times
  • The average score is 8 of 10
Answer Stats
Museum Gallery Space (square metres) Country % Correct
National Museum of China 65,000 China
100%
Louvre 72,735 France
100%
Victoria and Albert Museum 30,658 United Kingdom
98%
Metropolitan Museum of Art 58,820 United States
98%
State Hermitage Museum 66,842 Russia
96%
Royal Ontario Museum 36,000 Canada
91%
Tokyo National Museum 38,000 Japan
87%
National Museum of Anthropology 33,000 Mexico
85%
National Museum of Korea 27,090 South Korea
64%
Vatican Museums 43,000 Vatican City
30%
No matching quizzes found
Score Distribution
Percent of People with Each Score
Percentile by Number Answered
Your Score History
You have not taken this quiz